Trends appear in US online auctions (Record no. 69397)

MARC details
000 -LEADER
fixed length control field 01013cam a2200217 4500
001 - CONTROL NUMBER
control field WB3804-10
008 - FIXED-LENGTH DATA ELEMENTS--GENERAL INFORMATION
fixed length control field 020130n2002 000 0 eng u
035 ## - SYSTEM CONTROL NUMBER
System control number (Sirsi) u116542
245 ## - TITLE STATEMENT
Title Trends appear in US online auctions
260 ## - PUBLICATION, DISTRIBUTION, ETC.
Date of publication, distribution, etc. 2002
490 ## - SERIES STATEMENT
Series statement Antiques Trade Gazette
Volume/sequential designation (1524) 2 February 2002, 3(1)
520 ## - SUMMARY, ETC.
Summary, etc. A survey of US auctioneers reveals firm trends starting to appear in online auctions. Most of the auctioneers agreed that access to Internet facilities had increased interest, and bidding and as a result prices were better. The worst problem voiced, seemed to be non-payment. One auctioneer estimated he had lost $1000 on every sale conducted via the Internet so far. The overall picture is that the US is developing a workable Internet bidding service.
590 ## - LOCAL NOTE (RLIN)
Local note WB
650 ## - SUBJECT ADDED ENTRY--TOPICAL TERM
Topical term or geographic name entry element E-COMMERCE
650 ## - SUBJECT ADDED ENTRY--TOPICAL TERM
Topical term or geographic name entry element AUCTIONEERS
650 ## - SUBJECT ADDED ENTRY--TOPICAL TERM
Topical term or geographic name entry element ONLINE AUCTIONS
650 ## - SUBJECT ADDED ENTRY--TOPICAL TERM
Topical term or geographic name entry element UNITED STATES
650 ## - SUBJECT ADDED ENTRY--TOPICAL TERM
Topical term or geographic name entry element Auctioneering
9 (RLIN) 6218
690 ## - LOCAL SUBJECT ADDED ENTRY--TOPICAL TERM (OCLC, RLIN)
Topical term or geographic name as entry element INFORMATION TECHNOLOGY-INTERNET
942 ## - ADDED ENTRY ELEMENTS (KOHA)
Suppress in OPAC 0
Holdings
Withdrawn status Lost status Source of classification or shelving scheme Damaged status Not for loan Home library Current library Shelving location Date acquired Total Checkouts Full call number Barcode Date last seen Copy number Price effective from Koha item type
    Dewey Decimal Classification     London London News article 30/01/2002   WB3804-10 116542-1001 06/08/2019 1 06/08/2019 News article